[Event "DVM U14 2014"]
[Site "Regensburg GER"]
[Date "2014.12.28"]
[Round "4"]
[White "Walk, Maximilian"]
[Black "Freiherr von Hauff, Christopher V"]
[Result "0-1"]
[Termination "normal"]
[Board "8.2"]
[WhiteElo "1413"]
[BlackElo "1488"]
[WhiteTeam "Frankfurter TV 1860"]
[BlackTeam "SK Bebenhausen"]
[PlyCount "42"]
[WhiteFideId "16200810"]
[BlackFideId "16200691"]
[EventCountry "GER"]
[EventRounds "7"]
[EventType "team-swiss"]
[EventDate "2014.12.26"]

1. e4 {[%emt 0:00:00]} e5 2. Nf3 Nc6 3. Bc4 Nf6 4. d4 exd4 5. O-O Bc5 6. e5 d5
7. exf6 dxc4 8. fxg7 Rg8 9. Re1+ Be6 10. Ng5 Qd5 11. Ne4 Qf5 12. g4 Rxg7 13. h3
Bb6 14. Kf1 Qg6 15. Bg5 Kf8 16. Qd2 h5 17. Bh6 hxg4 18. Bxg7+ Kxg7 19. hxg4
Bxg4 20. Qg5 Rh8 21. Qxg6+ Kxg6 0-1

[Event "DVM U14 2014"]
[Site "Regensburg GER"]
[Date "2014.12.28"]
[Round "4"]
[White "De Rentiis, Davide Luca"]
[Black "Stankoski, Aleksandr"]
[Result "1-0"]
[Termination "normal"]
[Board "8.3"]
[WhiteElo "1226"]
[BlackElo "1197"]
[WhiteTeam "SK Bebenhausen"]
[BlackTeam "Frankfurter TV 1860"]
[PlyCount "89"]
[WhiteFideId "12967050"]
[BlackFideId "16200829"]
[EventCountry "GER"]
[EventRounds "7"]
[EventType "team-swiss"]
[EventDate "2014.12.26"]

1. e4 e5 2. Nf3 Nc6 3. Bc4 Nf6 4. d4 exd4 5. O-O Bc5 6. e5 Ng4 7. h3 Ngxe5 8.
Nxe5 Nxe5 9. Re1 d6 10. f4 O-O 11. fxe5 d3+ 12. Kh1 dxe5 13. Qxd3 Bd6 14. Nc3
Qh4 15. Qe4 Qf2 16. Be3 Qf5 17. Qxf5 Bxf5 18. Bd3 Bd7 19. Rad1 Rfe8 20. Nb5 Bc6
21. Nxd6 cxd6 22. Bc4 Rad8 23. Rf1 d5 24. Bb3 a6 25. Bb6 Rd6 26. c4 Rg6 27.
cxd5 Bb5 28. Rf2 Rxb6 29. d6 Rf8 30. d7 Bxd7 31. Rxd7 Rf6 32. Rxf6 gxf6 33.
Rxb7 f5 34. Rb6 e4 35. Rf6 Kg7 36. Rxf5 h6 37. Re5 f5 38. Kg1 Kf6 39. Re6+ Kg5
40. g3 Rf6 41. Rxf6 Kxf6 42. Kf2 Ke5 43. Ke3 h5 44. h4 a5 45. Bf7 1-0

[Event "DVM U14 2014"]
[Site "Regensburg GER"]
[Date "2014.12.28"]
[Round "4"]
[White "Tessier, Sarah"]
[Black "Greitmann, Niklas"]
[Result "1/2-1/2"]
[Termination "normal"]
[Board "8.4"]
[WhiteElo "1104"]
[BlackElo "1123"]
[WhiteTeam "Frankfurter TV 1860"]
[BlackTeam "SK Bebenhausen"]
[PlyCount "67"]
[WhiteFideId "36034495"]
[BlackFideId "16200705"]
[EventCountry "GER"]
[EventRounds "7"]
[EventType "team-swiss"]
[EventDate "2014.12.26"]

1. e4 c5 2. Nf3 Nc6 3. d4 cxd4 4. Nxd4 g6 5. Nc3 Bg7 6. Be3 Nf6 7. Bc4 O-O 8.
O-O Nxe4 9. Nxc6 Nxc3 10. Nxd8 Nxd1 11. Nxf7 Nxe3 12. fxe3 e6 13. Nd6 Rxf1+ 14.
Rxf1 a6 15. c3 b5 16. Bd3 Rb8 17. a3 Bb7 18. Nxb7 Rxb7 19. Be4 Rc7 20. Bf3 Bf6
21. Bb7 Rxb7 22. Rxf6 Kg7 23. Rf2 a5 24. b4 a4 25. Kf1 Rc7 26. Rc2 Kf6 27. Ke2
d5 28. Kd3 Ke5 29. Re2 Rd7 30. h3 Rd8 31. Re1 Rd7 32. Re2 Rd8 33. Re1 Rd7 34.
Re2 1/2-1/2

[Event "DVM U14 2014"]
[Site "Regensburg GER"]
[Date "2014.12.28"]
[Round "4"]
[White "Qiu, Oliver"]
[Black "Dalchow, Jonas"]
[Result "1/2-1/2"]
[Termination "normal"]
[Board "9.1"]
[WhiteElo "1405"]
[BlackElo "1429"]
[WhiteTeam "Gütersloher SV"]
[BlackTeam "SC 1997 Lambsheim"]
[PlyCount "76"]
[WhiteFideId "16200713"]
[BlackFideId "12971251"]
[EventCountry "GER"]
[EventRounds "7"]
[EventType "team-swiss"]
[EventDate "2014.12.26"]

1. e4 c6 2. Nf3 d5 3. exd5 cxd5 4. d4 Nc6 5. c4 Bg4 6. cxd5 Qxd5 7. Be2 e6 8.
O-O Nf6 9. Nc3 Qd7 10. h3 Bxf3 11. Bxf3 Be7 12. Be3 Rd8 13. Bxc6 Qxc6 14. Qc2
O-O 15. Rfd1 Nd5 16. Rac1 Rd7 17. Nxd5 Qxd5 18. a3 a6 19. Qc4 Qxc4 20. Rxc4
Rdd8 21. Rdc1 Bd6 22. Bg5 Rb8 23. d5 f6 24. Be3 exd5 25. Rd4 Rbd8 26. Rxd5 Bh2+
27. Kxh2 Rxd5 28. Rc7 Rb5 29. b4 Rf7 30. Rc8+ Rf8 31. Rc7 Rd8 32. Bc5 b6 33. a4
bxc5 34. axb5 axb5 35. bxc5 b4 36. c6 h6 37. Rd7 Rc8 38. Rb7 Rxc6 1/2-1/2

[Event "DVM U14 2014"]
[Site "Regensburg GER"]
[Date "2014.12.28"]
[Round "4"]
[White "Mühlpfordt, Thomas"]
[Black "Kandler, Philipp"]
[Result "1/2-1/2"]
[Termination "normal"]
[Board "9.2"]
[WhiteElo "1504"]
[BlackElo "1353"]
[WhiteTeam "SC 1997 Lambsheim"]
[BlackTeam "Gütersloher SV"]
[PlyCount "77"]
[WhiteFideId "12986623"]
[BlackFideId "16200772"]
[EventCountry "GER"]
[EventRounds "7"]
[EventType "team-swiss"]
[EventDate "2014.12.26"]

1. e4 c5 2. Nf3 Nc6 3. d4 cxd4 4. Nxd4 e5 5. Nb5 d6 6. N1c3 a6 7. Na3 b5 8. Nd5
Nf6 9. Be3 Nxd5 10. exd5 Ne7 11. Qd2 Bb7 12. c4 bxc4 13. Bxc4 Nf5 14. O-O Be7
15. Nc2 O-O 16. Nb4 Nxe3 17. Qxe3 Bg5 18. Qa3 Qb6 19. Rad1 Rfc8 20. b3 Rc5 21.
Nc2 Rac8 22. Ne3 Ra5 23. Qc1 Rxa2 24. Qb1 Ra5 25. Rfe1 Rac5 26. Qf5 Qd8 27. Bd3
g6 28. Qh3 Bxe3 29. fxe3 Rxd5 30. Rf1 Rdc5 31. e4 Rc3 32. Rxf7 Kxf7 33. Qxh7+
Ke8 34. Rf1 Qe7 35. Qg8+ Kd7 36. Qxg6 Rc1 37. Qg4+ Kd8 38. Qg8+ Kd7 39. Qg4+
1/2-1/2

[Event "DVM U14 2014"]
[Site "Regensburg GER"]
[Date "2014.12.28"]
[Round "4"]
[White "Fortenbacher, Dominic"]
[Black "Wacker, Andreas"]
[Result "1/2-1/2"]
[Termination "normal"]
[Board "9.3"]
[WhiteElo "1484"]
[BlackElo "1564"]
[WhiteTeam "Gütersloher SV"]
[BlackTeam "SC 1997 Lambsheim"]
[PlyCount "54"]
[WhiteFideId "16200780"]
[BlackFideId "12953083"]
[EventCountry "GER"]
[EventRounds "7"]
[EventType "team-swiss"]
[EventDate "2014.12.26"]

1. e4 c6 2. d4 d5 3. e5 Bf5 4. Nc3 e6 5. a3 c5 6. Nf3 Nc6 7. Be3 Qb6 8. Na4
Qa5+ 9. Bd2 Qc7 10. dxc5 Nxe5 11. Nxe5 Qxe5+ 12. Be3 Ne7 13. Bb5+ Nc6 14. Qd2
Be7 15. O-O O-O 16. Bxc6 bxc6 17. Nc3 Qf6 18. f4 Rab8 19. Rab1 Qg6 20. Rf3 Bh4
21. Bf2 Bxf2+ 22. Rxf2 Rb7 23. b3 Re8 24. Re1 Rbe7 25. Rf3 h5 26. Qf2 Qh6 27.
Rf1 h4 1/2-1/2

[Event "DVM U14 2014"]
[Site "Regensburg GER"]
[Date "2014.12.28"]
[Round "4"]
[White "Löffner, Miguel"]
[Black "Neumann, Theodor"]
[Result "0-1"]
[Termination "normal"]
[Board "9.4"]
[WhiteElo "1211"]
[BlackElo "1352"]
[WhiteTeam "SC 1997 Lambsheim"]
[BlackTeam "Gütersloher SV"]
[PlyCount "102"]
[WhiteFideId "12972436"]
[BlackFideId "16200799"]
[EventCountry "GER"]
[EventRounds "7"]
[EventType "team-swiss"]
[EventDate "2014.12.26"]

1. e4 {[%emt 0:00:00]} e5 2. Nf3 Nc6 3. Bc4 Be7 4. d3 d6 5. h3 Nf6 6. Nc3 h6 7.
Be3 Bd7 8. Qd2 a6 9. a3 Qc8 10. Nd5 Be6 11. Nxe7 Nxe7 12. Bxe6 Qxe6 13. Qc3 Nc6
14. O-O g5 15. Nh2 Nh5 16. Qe1 Nf4 17. Bxf4 gxf4 18. Nf3 Rg8 19. Kh2 Qg6 20.
Rg1 O-O-O 21. Nh4 Qg5 22. Nf5 Ne7 23. g4 Nxf5 24. gxf5 Qh4 25. f3 Qe7 26. Qe2
Rg5 27. Rxg5 hxg5 28. Rg1 Rh8 29. Qg2 f6 30. Rh1 Qd7 31. Kg1 Rh4 32. Kf2 Qc6
33. Ke1 Qc5 34. Qf2 Qb5 35. b3 Qa5+ 36. Ke2 Qxa3 37. Qa7 Qb2 38. Kd2 Qd4 39.
Qa8+ Kd7 40. Qf8 Qe3+ 41. Kc3 Qd4+ 42. Kd2 Qe3+ 43. Kc3 Qxf3 44. Ra1 Qe3 45.
Rb1 Qd4+ 46. Kd2 Rxh3 47. Qf7+ Kc6 48. Qc4+ Qxc4 49. bxc4 g4 50. Rg1 Rh2+ 51.
Kd1 g3 0-1

[Event "DVM U14 2014"]
[Site "Regensburg GER"]
[Date "2014.12.28"]
[Round "4"]
[White "Kühner, Tobias"]
[Black "Stirner, Christof"]
[Result "1-0"]
[Termination "normal"]
[Board "10.1"]
[WhiteElo "1737"]
[BlackElo "1404"]
[WhiteTeam "SK Bickenbach"]
[BlackTeam "SR Spaichingen"]
[PlyCount "37"]
[WhiteFideId "12973815"]
[BlackFideId "16200837"]
[EventCountry "GER"]
[EventRounds "7"]
[EventType "team-swiss"]
[EventDate "2014.12.26"]

1. d4 Nf6 2. Nf3 e6 3. c4 b6 4. Nc3 Bb7 5. e3 d5 6. g3 g6 7. Bg2 Bg7 8. O-O O-O
9. cxd5 Nxd5 10. Re1 Nd7 11. e4 Nxc3 12. bxc3 Nf6 13. Nd2 Re8 14. e5 Bxg2 15.
exf6 Qd5 16. fxg7 Bh3 17. Qf3 Qd8 18. Ne4 Kxg7 19. Bg5 1-0

[Event "DVM U14 2014"]
[Site "Regensburg GER"]
[Date "2014.12.28"]
[Round "4"]
[White "Klein, Sebastian"]
[Black "Wenzel, Calvin"]
[Result "0-1"]
[Termination "normal"]
[Board "10.2"]
[WhiteElo "1303"]
[BlackElo "1619"]
[WhiteTeam "SR Spaichingen"]
[BlackTeam "SK Bickenbach"]
[PlyCount "72"]
[WhiteFideId "16200845"]
[BlackFideId "12973920"]
[EventCountry "GER"]
[EventRounds "7"]
[EventType "team-swiss"]
[EventDate "2014.12.26"]

1. c4 c5 2. Nc3 Nc6 3. g3 e6 4. Bg2 Nf6 5. d3 Be7 6. Nf3 O-O 7. O-O d6 8. d4
cxd4 9. Nxd4 d5 10. cxd5 Nxd5 11. Nxc6 bxc6 12. Qb3 Ba6 13. Re1 Rb8 14. Qd1
Nxc3 15. bxc3 Bf6 16. Qc2 Qa5 17. Bd2 Rfd8 18. Rad1 Rxd2 19. Rxd2 Bxc3 20. Red1
Bxd2 21. Qxd2 Qxd2 22. Rxd2 Rb1+ 23. Bf1 g6 24. f4 Kf8 25. Kf2 Ke7 26. Bg2 Bb7
27. Bf3 c5 28. Bxb7 Rxb7 29. Ke1 Rb1+ 30. Rd1 Rxd1+ 31. Kxd1 Kd6 32. Kd2 Kd5
33. e3 Kc4 34. Kc2 f5 35. h3 h5 36. h4 a5 0-1

[Event "DVM U14 2014"]
[Site "Regensburg GER"]
[Date "2014.12.28"]
[Round "4"]
[White "Bär, Leon David"]
[Black "Molitor, Marwin"]
[Result "0-1"]
[Termination "normal"]
[Board "10.3"]
[WhiteElo "1267"]
[BlackElo "1175"]
[WhiteTeam "SK Bickenbach"]
[BlackTeam "SR Spaichingen"]
[PlyCount "126"]
[WhiteFideId "16200802"]
[BlackFideId "16200853"]
[EventCountry "GER"]
[EventRounds "7"]
[EventType "team-swiss"]
[EventDate "2014.12.26"]

1. e4 e5 2. Nf3 Nc6 3. Bc4 Bc5 4. Nc3 Nf6 5. d3 d6 6. Bg5 Bg4 7. h3 Bh5 8. g4
Bg6 9. Qd2 h6 10. Bh4 Nd4 11. Nxd4 Bxd4 12. Nd5 c6 13. Nxf6+ gxf6 14. c3 Bb6
15. Kd1 Qe7 16. Kc2 O-O-O 17. Raf1 d5 18. exd5 cxd5 19. Bb3 e4 20. Re1 exd3+
21. Kc1 Qd6 22. f4 Be4 23. Rhg1 Bxg1 24. Rxg1 Qc5 25. Bf2 d4 26. Bxf7 Qc7 27.
Be6+ Kb8 28. f5 Ka8 29. Bg3 Qa5 30. a3 dxc3 31. Qxc3 Qxc3+ 32. bxc3 d2+ 33. Kd1
Bf3+ 34. Kc2 d1=Q+ 35. Rxd1 Rxd1 36. a4 Rhd8 37. Kb3 Bd5+ 38. Kb4 Bxe6 39. fxe6
Re8 40. Bf4 Rxe6 41. Bxh6 Rdd6 42. h4 f5 43. g5 Rxh6 44. gxh6 Rxh6 45. Kc5 Re6
46. Kd4 f4 47. h5 f3 48. h6 Rxh6 49. Ke3 Rf6 50. Kf2 Rf4 51. a5 b6 52. a6 Kb8
53. c4 Kc7 54. c5 bxc5 55. Kg1 c4 56. Kf2 c3 57. Kg1 c2 58. Kf2 c1=Q 59. Kg3
Qg1+ 60. Kh3 Rh4+ 61. Kxh4 f2 62. Kh5 f1=Q 63. Kh6 Qh3# 0-1

[Event "DVM U14 2014"]
[Site "Regensburg GER"]
[Date "2014.12.28"]
[Round "4"]
[White "Zetto, Markus"]
[Black "Nguyen, Truong Thinh"]
[Result "1-0"]
[Termination "normal"]
[Board "10.4"]
[WhiteElo "1081"]
[BlackElo "1163"]
[WhiteTeam "SR Spaichingen"]
[BlackTeam "SK Bickenbach"]
[PlyCount "85"]
[WhiteFideId "16200861"]
[BlackFideId "12983977"]
[EventCountry "GER"]
[EventRounds "7"]
[EventType "team-swiss"]
[EventDate "2014.12.26"]

1. e4 e6 2. d4 d5 3. exd5 exd5 4. Nc3 Nf6 5. Bg5 Be7 6. Nf3 Bg4 7. h3 Bh5 8.
Qd3 c6 9. Ne5 h6 10. Bf4 g5 11. Bg3 Nbd7 12. Be2 Bxe2 13. Qxe2 Qb6 14. O-O-O
Rf8 15. Rhe1 O-O-O 16. Nxd7 Rxd7 17. Qe5 Bd6 18. Qxf6 Bxg3 19. fxg3 Qd8 20. Qf5
Re8 21. Na4 b6 22. Re5 Kc7 23. Rde1 Rde7 24. Qf6 Rxe5 25. Qxd8+ Kxd8 26. Rxe5
Rxe5 27. dxe5 Ke7 28. Kd2 Ke6 29. Ke3 Kxe5 30. Nc3 a6 31. Kd3 c5 32. Na4 c4+
33. Ke3 d4+ 34. Kf3 b5 35. Nc5 a5 36. c3 Kd5 37. Na6 f5 38. Nc7+ Kd6 39. Nxb5+
Kc5 40. Nxd4 f4 41. gxf4 gxf4 42. Kxf4 Kd5 43. g4 1-0